Pollyanna / (Record no. 5044)

MARC details
000 -LEADER
fixed length control field 00940nam a22002897a 4500
001 - CONTROL NUMBER
control field 5044
003 - CONTROL NUMBER IDENTIFIER
control field FISKH
005 - DATE AND TIME OF LATEST TRANSACTION
control field 20241101144005.0
008 - FIXED-LENGTH DATA ELEMENTS--GENERAL INFORMATION
fixed length control field 241101b cb ||||| |||| 00| 0 eng d
020 ## - INTERNATIONAL STANDARD BOOK NUMBER
International Standard Book Number 9781453064597
040 ## - CATALOGING SOURCE
Original cataloging agency FISKH
Language of cataloging eng
Transcribing agency FISKH
Modifying agency FISKH
050 ## - LIBRARY OF CONGRESS CALL NUMBER
Classification number PZ7.P83
082 ## - DEWEY DECIMAL CLASSIFICATION NUMBER
Classification number 813.52
100 ## - MAIN ENTRY--PERSONAL NAME
Personal name Porter, Eleanor H.
245 ## - TITLE STATEMENT
Title Pollyanna /
Statement of responsibility, etc. by Eleanor H. Porter
260 ## - PUBLICATION, DISTRIBUTION, ETC.
Place of publication, distribution, etc. New York :
Name of publisher, distributor, etc. Dalmatian Press ;
Date of publication, distribution, etc. 2013.
300 ## - PHYSICAL DESCRIPTION
Extent 182 pages :
Other physical details illustrations ;
Dimensions 21 cm .
490 ## - SERIES STATEMENT
Series statement Pollyanna
Volume/sequential designation Book 1
505 ## - FORMATTED CONTENTS NOTE
Formatted contents note V <br/>
520 ## - SUMMARY, ETC.
Summary, etc. When orphaned, eleven-year-old Pollyanna comes to live with austere and wealthy Aunt Polly, her philosophy of gladness brings happiness to her aunt and other unhappy members of the community.
521 8# - TARGET AUDIENCE NOTE
Target audience note 870 <br/>
Source Lexile <br/>
521 8# - TARGET AUDIENCE NOTE
Target audience note V <br/>
Source Raz-Plus <br/>
650 ## - SUBJECT ADDED ENTRY--TOPICAL TERM
Topical term or geographic name entry element children
Form subdivision fiction
700 ## - ADDED ENTRY--PERSONAL NAME
Personal name Sayer, Jon
Relator term illustrator
942 ## - ADDED ENTRY ELEMENTS (KOHA)
Source of classification or shelving scheme Dewey Decimal Classification
Koha item type Books
Suppress in OPAC No
Holdings
Withdrawn status Lost status Source of classification or shelving scheme Damaged status Not for loan Collection Home library Current library Shelving location Date acquired Total Checkouts Full call number Barcode Date last seen Price effective from Koha item type
    Dewey Decimal Classification     Fiction Footprints International School Library Network Toul Kork Campus Footprints International School Library Network Toul Kork Campus TTP Secondary Fiction Bookshelves 11/01/2024   POR 813.52 PZ7.P83 FIS00996 11/01/2024 11/01/2024 Books